000 00324nam a2200109Ia 4500
008 200302s9999 xx 000 0 und d
100 _aFaculty of Architecture
245 _aPedagogy Humanities Course Work: A Linguistic Coding of Architecture
260 _bCept University Press Ahmedabad
260 _c2012
300 _a122 P.,
999 _c3214
_d3214